| 000 | 00884nam a2200277 i 4500 | ||
|---|---|---|---|
| 001 | bg | ||
| 003 | BPK | ||
| 005 | 20191106083435.0 | ||
| 008 | s2002 pl f |000 0 pol | ||
| 020 | _a837251271X | ||
| 040 | _cBPK | ||
| 080 | _a339.138 | ||
| 080 | _a(07) | ||
| 100 | 1 | _aStrzyżewska, Marianna. | |
| 245 | 1 | 0 |
_aAnalizy marketingowe / _cMarianna Strzyżewska, Małgorzata Rószkiewicz. |
| 260 |
_aWarszawa : _b"Difin", _c2002. |
||
| 300 |
_a293 s. : _bil. ; _c23 cm. |
||
| 504 | _aBibliogr. | ||
| 650 | 9 | _aMarketing | |
| 655 | _aPodręcznik | ||
| 710 | 2 |
_aDifin _4pbl. |
|
| 700 | 1 |
_aRószkiewicz, Małgorzata _eAutor |
|
| 942 |
_cKS _2UKD |
||
| 856 |
_uhttp://koha.tu.koszalin.pl/cgi-bin/koha/opac-detail.pl?biblionumber=41522 _yKatalog online BPK |
||
| 999 |
_c41522 _d41522 |
||